| 000 | 00822nam a2200229 4500 | ||
|---|---|---|---|
| 001 | 4517 | ||
| 010 | _a9789896916169 | ||
| 021 | _b424633/17 | ||
| 090 | _a4517 | ||
| 100 | _a20211231d2017 m y0pory50030103ba | ||
| 200 | 1 |
_a25 anos de vida artística em comum _enarração, fotos e montagem dos autores _fMaria José Cardoso de Souza, António Villar de Souza |
|
| 210 | 9 |
_aMonsaraz _cGaleria Monsaraz _dD.L. 2017 |
|
| 215 |
_a126 p. _cmuito il. |
||
| 606 |
_94384 _aMundo das Artes _xAzulejaria |
||
| 675 |
_a73/75Souza, Maria José Cardoso de _vBN _zpor |
||
| 675 |
_a73/75Sousa, António Vilar de _vBN _zpor |
||
| 675 |
_a73/75(=1:469)"19/20" _vBN _zpor |
||
| 700 |
_aSousa _bMaria José Cardoso de _94385 |
||
| 701 |
_aSousa _bAntónio Vilar de _f1945- _94386 |
||
| 801 | 0 |
_aPT _bBMVN _gRPC |
|
| 830 |
_cTânia Croca _d31/12/2021 |
||
| 990 | _cLIVROS | ||